000
00362nam a2200157Ia 4500
008
151213s9999 xx 000 0 und d
100
_a
Sayed Safiullah
245
_a
Poems Unbound
_c
Sayed Safiullah
250
_a
1st
260
_a
Dhaka
_c
1991
300
_a
8316 p.
650
_a
English
650
_a
English
700
_a
Sayed Safiullah
999
_c
4159
_d
4159